| 000 | 00768nam a22002057a 4500 | ||
|---|---|---|---|
| 003 | OSt | ||
| 005 | 20230223150840.0 | ||
| 008 | 220916b |||||||| |||| 00| 0 eng d | ||
| 040 | _cBiblioteca Lado V | ||
| 082 |
_a779.942 _bF634i |
||
| 100 | _eautor | ||
| 245 |
_aImagenes liquidas e invisibles Oscilacionales pendulares al discurso cuir./ _bFotografĂa en CentroamĂ©rica 2000 - 2016/ |
||
| 260 |
_aCosta Rica _bFundacion Teor/Etica _c2016 |
||
| 300 |
_a46p. _c21x23cm |
||
| 650 |
_2Tesauro de Arte & Arquitectura _aTEORIA |
||
| 650 |
_2Tesauro de Arte & Arquitectura _aDIVERSIDAD |
||
| 650 |
_2Tesauro de Arte & Arquitectura _aFOTOGRAFIA _9702 |
||
| 650 |
_2Tesauro de Arte & Arquitectura _aCENTROAMERICA |
||
| 942 |
_2ddc _c1 _h779.942 _iF634i _n0 |
||
| 999 |
_c3058 _d3058 |
||